| 000 | 01567cam a2200337 a 4500 | ||
|---|---|---|---|
| 001 | 3395 | ||
| 003 | BD-RjUL | ||
| 005 | 20211208233726.0 | ||
| 008 | 131219s1988 ii 00| 0 eng d | ||
| 020 | _a8170361214(india) | ||
| 020 | _a0803995849 (U.S.) | ||
| 035 |
_a(OCoLC)19624746 _a(BD-RjUL )3429 |
||
| 040 |
_aLC _beng _cLC _dNSL:R |
||
| 041 | _aeng | ||
| 082 | 0 | 0 |
_a338.88854 _bMAT 1988 |
| 084 |
_a83.83 _2bcl |
||
| 084 |
_a83.81 _2bcl |
||
| 100 | 1 |
_aMartinussen, John. _910662 |
|
| 245 | 1 | 0 |
_aTransnational corporations in a developing country : _bthe Indian experience / _cJohn Martinussen. |
| 260 |
_aNew Delhi ; _aNewbury Park : _bSage Publications, _c1988. |
||
| 300 |
_a228 p. : _c23 cm. |
||
| 504 | _aBibliography: p. [222]-228. | ||
| 505 | 0 | 0 | _aMachine derived contents note: The Host Country's Dilemma -- Indian Policies Affecting Transnational Corporations -- Administration and Implementation of Indian Policies -- Effects of the Regulations on the Balance of Payments -- Effects of the Regulations on Transfer of Resources -- Effects of the Regulations on Allocation of Resources -- Summary and Discussion of Findings. |
| 650 | 0 |
_aInternational business enterprises _xGovernment policy _zIndia. _910663 |
|
| 653 |
_aDeveloping countries _aMultinational companies |
||
| 856 | 4 | 2 |
_3Publisher description _uhttp://www.loc.gov/catdir/enhancements/fy0657/88905259-d.html |
| 856 | 4 | 1 |
_3Table of contents only _uhttp://www.loc.gov/catdir/enhancements/fy0657/88905259-t.html |
| 942 |
_2ddc _cBK |
||
| 999 |
_c3395 _d3395 |
||